Hadiah hari ibu

Bibliographic Details
Main Author: Surayah Hussin
Format: Book
Published: Johor : Penerbitan PHD , 2006
Series:Siri kampung Permai
Subjects:

MARC

LEADER 00000cam a2200000 7i4500
001 0000007319
005 20220105104030.0
008 070829
020 |a 9833115896 
090 0 0 |a JP   |b EL MAL (8100) 
100 0 |a Surayah Hussin 
245 1 0 |a Hadiah hari ibu   |c Surayah Hussin 
260 |a Johor :   |b Penerbitan PHD ,   |c 2006 
440 |a Siri kampung Permai 
500 |a Children age 4-6 years old (yellow) 
650 0 |a Early learning 
650 0 |a Malay   |x Study and teaching 
999 |a 0000947601   |b Book   |c Children Collection   |e Cawangan Segamat 
999 |a 0000947602   |b Book   |c Children Collection   |e Cawangan Segamat 
999 |a 0000947603   |b Book   |c Children Collection   |e Cawangan Segamat 
999 |a 0000989861   |b Book   |c Children Collection   |e Cawangan Tmn. Ungku Tun Aminah 
999 |a 0000989862   |b Book   |c Children Collection   |e Perbadanan Perpustakaan Awam Johor 
999 |a 0000989863   |b Book   |c Children Collection   |e Perbadanan Perpustakaan Awam Johor 
999 |a 0000989864   |b Book   |c Children Collection   |e Cawangan Mersing 
999 |a 0000989865   |b Book   |c Children Collection   |e Cawangan Bandar Tenggara